01361cam a22003255i 450000100090000000300090000900500170001800800410003502000430007604000720011908200190019110000610021024501680027125000200043926400730045926400100053230000460054233600260058833700280061433800270064250000230066950400520069265000380074465300350078265500170081770000320083494200120086699900170087895201400089515996644EG-ScBUE20241021093918.0091125t2010 flua f b 001 0 eng d a9781420091953 (hardcover : alk. paper) aDLCbengerdacDLCdYDXdYDXCPdBWXdCDXdDLCdEG-ScBUE dEG-ScBUE 04a515.7bODE2221 aOden, J. Tinsleyq(John Tinsley),d1936-eauthor.93925210aApplied functional analysis /cJ. Tinsley Oden, Leszek F. Demkowicz Institute for Computational Engineering and Sciences (ICES), The University of Texas at Austin. aSEcond edition. 1aBoca Raton :bChapman & Hall / CRC / Taylor & Francis Group,c[2010] 4cc2010 axvii, 578 pages :billustrations ;c26 cm 2rdacontentatextbtxt 2rdamediaaunmediatedbn 2rdacarrieravolumebnc aIncludes appendix. aIncludes bibliographical references and index.  7aFunctional analysis.2BUEsh96879 bENGGENcJuly2015cFebruary2016 vReading book1 aDemkowicz, Leszek,eauthor. 2ddccBB c20334d20306 00102ddc40708BaccahaMAINbMAINc1STd2015-07-09ePurchaseg795.00h21782l0o515.7 ODEp000039388r2025-07-15 00:00:00v994.00yBB